[Event "IECC CL1-2005.01 email"]
[Site "IECC email"]
[Date "2005.01.14"]
[Round "?"]
[White "Cehajic, Mustafa"]
[Black "Louro, Eugenio Diogo"]
[Result "1-0"]
[WhiteElo "2275"]
[BlackElo "2131"]
[PlyCount "111"]
[EventDate "2005.??.??"]
[EventType "tourn (corr)"]
[EventRounds "4"]
[SourceTitle "Corr 2015"]
[Source "ChessBase"]
[SourceDate "2015.07.17"]
[SourceVersion "1"]
[SourceVersionDate "2015.07.17"]
[SourceQuality "1"]

1. e4 Nf6 2. e5 Nd5 3. d4 d6 4. c4 Nb6 5. Nf3 Bg4 6. exd6 cxd6 7. Nc3 e6 8. Be2 Be7 9. 0-0 0-0 10. Bf4 N8d7 11. b3 Nf6 12. a4 Rc8 13. Qd2 d5 14. a5 Nbd7 15. h3 Bxf3 16. Bxf3 Bb4 17. Ra4 Bxa5 18. Rfa1 Bxc3 19. Qxc3 b5 20. Rxa7 bxc4 21. b4 Nb8 22. Rb7 Re8 23. b5 Re7 24. Rxe7 Qxe7 25. Qa5 Qb7 26. Bd1 Nfd7 27. Bc2 Nb6 28. Bg3 N8d7 29. Qa6 Qxa6 30. bxa6 Ra8 31. Ra5 f6 32. Kf1 Ra7 33. Ke1 e5 34. dxe5 Nxe5 35. Ra2 Nc6 36. Bd6 Nd7 37. Bf5 Kf7 38. Bxd7 Rxd7 39. Bc5 Na7 40. Kd2 Ke6 41. Rb2 Rc7 42. Rb6+ Kf5 43. Bf8 g5 44. Rb7 Rc8 45. Rxa7 Rxf8 46. Rxh7 Ke5 47. a7 d4 48. Re7+ Kd5 49. Rb7 Ra8 50. g3 Ke4 51. h4 gxh4 52. gxh4 Kf5 53. Rg7 Rc8 54. Kc2 Ke4 55. h5 c3 56. Rd7 1-0

[Event "IECC CL1-2005.01 email"]
[Site "IECC email"]
[Date "2005.01.14"]
[Round "?"]
[White "Kleinsorgen, Horst M"]
[Black "Cehajic, Mustafa"]
[Result "0-1"]
[WhiteElo "2210"]
[BlackElo "2260"]
[PlyCount "95"]
[EventDate "2005.??.??"]
[EventType "tourn (corr)"]
[EventRounds "4"]
[SourceTitle "Corr 2015"]
[Source "ChessBase"]
[SourceDate "2015.07.17"]
[SourceVersion "1"]
[SourceVersionDate "2015.07.17"]
[SourceQuality "1"]

1. d4 Nf6 2. c4 e6 3. Nf3 d5 4. Nc3 c5 5. cxd5 cxd4 6. Qxd4 exd5 7. Bg5 Nc6 8. Qa4 Bb4 9. e3 0-0 10. a3 Bxc3+ 11. bxc3 h6 12. Bh4 g5 13. Bg3 Ne4 14. Nd4 Bd7 15. Nxc6 Bxc6 16. Qd4 Re8 17. Bd3 Qe7 18. 0-0 Nd2 19. Bh7+ Kxh7 20. Qxd2 h5 21. h3 Bb5 22. Rfd1 Bc4 23. a4 h4 24. Bh2 Rac8 25. Qc2+ Kg7 26. Rd4 f6 27. a5 Rc5 28. Qd1 Qe6 29. Kh1 Rb5 30. Rb1 Rxa5 31. Rxb7+ Re7 32. Rb8 Bb5 33. Rb4 Be8 34. Rd8 Ra2 35. Kg1 a5 36. Rbb8 Bh5 37. Qc1 Rd7 38. Rdc8 Bg6 39. Rb2 Rxb2 40. Qxb2 Bf7 41. Qb8 a4 42. Kh1 a3 43. Qa8 Qe7 44. Qa4 Ra7 45. Qd1 a2 46. Qa1 Qe4 47. Rb8 d4 48. f3 0-1

[Event "IECC CL1-2005.01 email"]
[Site "IECC email"]
[Date "2005.01.14"]
[Round "?"]
[White "Le Duigou, Jean Guy"]
[Black "Cehajic, Mustafa"]
[Result "1/2-1/2"]
[WhiteElo "2231"]
[BlackElo "2240"]
[PlyCount "64"]
[EventDate "2005.??.??"]
[EventType "tourn (corr)"]
[EventRounds "4"]
[SourceTitle "Corr 2015"]
[Source "ChessBase"]
[SourceDate "2015.07.17"]
[SourceVersion "1"]
[SourceVersionDate "2015.07.17"]
[SourceQuality "1"]

1. Nf3 Nf6 2. c4 e6 3. g3 d5 4. d4 dxc4 5. Bg2 Bb4+ 6. Bd2 c5 7. Bxb4 cxb4 8. Ne5 0-0 9. Nxc4 a5 10. 0-0 Ra7 11. Ne5 b6 12. a3 bxa3 13. Nxa3 Bb7 14. Bxb7 Rxb7 15. Nb5 Qd5 16. Nc3 Qd6 17. e3 Nc6 18. Qf3 Nd5 19. Nxc6 Qxc6 20. Nxd5 exd5 21. Rfc1 Qb5 22. Rc2 Re8 23. Ra3 Qd7 24. Rac3 h6 25. Rc6 Kh7 26. b3 Re6 27. Rc8 Rf6 28. Qh5 Ra7 29. Kg2 Rf5 30. Qe2 Rf6 31. Qd3+ g6 32. h3 Kg7 1/2-1/2

[Event "IECC KO-4015"]
[Site "IECC email"]
[Date "2005.01.07"]
[Round "?"]
[White "Kohlhage, Juergen"]
[Black "Cehajic, Mustafa"]
[Result "1/2-1/2"]
[WhiteElo "2069"]
[BlackElo "2287"]
[PlyCount "83"]
[EventDate "2003.??.??"]
[EventType "match (corr)"]
[EventRounds "2"]
[SourceTitle "Corr 2020"]
[Source "ChessBase"]
[SourceDate "2019.09.30"]
[SourceVersion "1"]
[SourceVersionDate "2019.09.30"]
[SourceQuality "1"]
[WhiteTeam "Germany"]
[BlackTeam "BOS"]
[WhiteTeamCountry "GER"]

1. e4 e5 2. Ne2 Nf6 3. f4 exf4 4. Nxf4 Nc6 5. d3 d5 6. exd5 Nxd5 7. c3 Nxf4 8. Bxf4 Bd6 9. Bxd6 cxd6 10. Qe2+ Be6 11. Qf2 Qg5 12. Nd2 0-0 13. Be2 Qh6 14. a3 Rae8 15. Nf3 Bf5 16. 0-0 Qe3 17. Qxe3 Rxe3 18. Kf2 Rfe8 19. Rae1 R3e7 20. d4 Be4 21. g4 d5 22. Nd2 f5 23. Nxe4 fxe4 24. Ke3 Re6 25. h4 Ne7 26. c4 Rc6 27. c5 Rf8 28. Rxf8+ Kxf8 29. b4 Rf6 30. b5 Ke8 31. a4 Ng6 32. g5 Rf8 33. Bh5 Kd8 34. Bxg6 hxg6 35. Ke2 Kc8 36. Rf1 Rxf1 37. Kxf1 Kd8 38. Ke2 Ke7 39. Ke3 Ke8 40. Kf4 Kd8 41. Ke3 Ke8 42. Kf4 1/2-1/2

[Event "IECC CL1-2004.20 email"]
[Site "IECC email"]
[Date "2004.12.26"]
[Round "?"]
[White "Adams, Mark"]
[Black "Cehajic, Mustafa"]
[Result "1/2-1/2"]
[WhiteElo "2204"]
[BlackElo "2241"]
[PlyCount "34"]
[EventDate "2004.??.??"]
[EventType "tourn (corr)"]
[EventRounds "4"]
[SourceTitle "Corr 2008"]
[Source "ChessBase"]
[SourceDate "2008.06.24"]
[SourceVersion "1"]
[SourceVersionDate "2008.06.24"]
[SourceQuality "1"]

1. e4 e5 2. Nf3 Nc6 3. d4 exd4 4. Nxd4 Bc5 5. Be3 Qf6 6. c3 Nge7 7. Bc4 d6 8. 0-0 0-0 9. Nxc6 Nxc6 10. Bxc5 dxc5 11. f4 Be6 12. Na3 Rad8 13. Qe2 a6 14. e5 Qf5 15. Rf3 Rd7 16. Bd3 Qh5 17. Rh3 Qxe2 1/2-1/2

[Event "IECC CL1-2004.19 email"]
[Site "IECC email"]
[Date "2004.12.07"]
[Round "?"]
[White "Cehajic, Mustafa"]
[Black "Brousek, Jiri"]
[Result "1-0"]
[WhiteElo "2218"]
[BlackElo "2361"]
[PlyCount "85"]
[EventDate "2004.??.??"]
[EventType "tourn (corr)"]
[EventRounds "4"]
[SourceTitle "Corr 2008"]
[Source "ChessBase"]
[SourceDate "2008.06.24"]
[SourceVersion "1"]
[SourceVersionDate "2008.06.24"]
[SourceQuality "1"]

1. e4 e6 2. d4 d5 3. Nc3 dxe4 4. Nxe4 Bd7 5. Nf3 Bc6 6. Bd3 Nd7 7. 0-0 Ngf6 8. Ng3 Be7 9. Qe2 0-0 10. Rd1 b6 11. Ne5 Bb7 12. Bb5 Qc8 13. Nf5 exf5 14. Nxd7 Nxd7 15. Qxe7 Nf6 16. Qa3 a6 17. Bf1 Qd7 18. c4 Rfe8 19. f3 Nh5 20. d5 f4 21. Bd2 a5 22. Bc3 Re3 23. Bd3 Rae8 24. Bd4 R3e7 25. Qc3 Qd6 26. a3 Bc8 27. c5 Qxd5 28. cxb6 cxb6 29. Bxb6 Qg5 30. Bf1 Bd7 31. Rac1 Ng3 32. hxg3 fxg3 33. Bc4 a4 34. Qd2 Qh4 35. Kf1 Kh8 36. Qd6 f6 37. Bd3 Qh5 38. Qxg3 Bb5 39. Bc5 Qh1+ 40. Bg1 Qh5 41. Rc5 Bxd3+ 42. Rxd3 Qf7 43. Qf2 1-0

[Event "IECC CL1-2004.18 email"]
[Site "IECC email"]
[Date "2004.11.19"]
[Round "?"]
[White "Rathbone, John"]
[Black "Cehajic, Mustafa"]
[Result "1-0"]
[WhiteElo "2284"]
[BlackElo "2226"]
[PlyCount "103"]
[EventDate "2004.??.??"]
[EventType "tourn (corr)"]
[EventRounds "4"]
[SourceTitle "Corr 2008"]
[Source "ChessBase"]
[SourceDate "2008.06.24"]
[SourceVersion "1"]
[SourceVersionDate "2008.06.24"]
[SourceQuality "1"]

1. e4 e5 2. Nf3 Nc6 3. Bb5 Nf6 4. 0-0 Be7 5. Nc3 0-0 6. Bxc6 dxc6 7. Nxe5 Nxe4 8. Nxe4 Qd4 9. Nxc6 Qxe4 10. Nxe7+ Qxe7 11. Re1 Qf6 12. d4 Be6 13. Re5 Rad8 14. Be3 Rd5 15. f4 Rxe5 16. fxe5 Qg6 17. Qd2 Rd8 18. b3 c5 19. Rf1 cxd4 20. Bxd4 Qe4 21. Rd1 h5 22. c3 h4 23. h3 Qg6 24. Qe3 Rd7 25. Rf1 a5 26. Kh2 a4 27. bxa4 Bxa2 28. Rf4 Qg5 29. Qf2 Qg3+ 30. Qxg3 hxg3+ 31. Kxg3 Bb3 32. a5 Rd5 33. Bb6 Rxe5 34. Rb4 Bd5 35. Rb5 f6 36. h4 Bc4 37. Rxe5 fxe5 38. Bc7 e4 39. Kf4 Bd5 40. g3 Kf7 41. Bb6 Ke6 42. g4 g6 43. h5 gxh5 44. gxh5 Kf7 45. Ke5 Bb3 46. Kxe4 Bd1 47. h6 Ke6 48. Be3 Bc2+ 49. Kd4 Bf5 50. c4 Bb1 51. Kc5 Kd7 52. Kb6 1-0